Shipping industry in India : colonialism to Globalisation ( a spatio-temporal analysis (Record no. 12035)

000 -LEADER
fixed length control field 00550nam a22001697a 4500
008 - FIXED-LENGTH DATA ELEMENTS--GENERAL INFORMATION
fixed length control field 220224b 2016 ||||| |||| 00| 0 eng d
020 ## - INTERNATIONAL STANDARD BOOK NUMBER
International Standard Book Number 9788182748910
082 ## - DEWEY DECIMAL CLASSIFICATION NUMBER
Classification number 387.509
Item number GUP
100 ## - MAIN ENTRY--PERSONAL NAME
Personal name Gupta, Sadanand
245 ## - TITLE STATEMENT
Title Shipping industry in India : colonialism to Globalisation ( a spatio-temporal analysis
260 ## - PUBLICATION, DISTRIBUTION, ETC. (IMPRINT)
Place of publication, distribution, etc New Delhi
Name of publisher, distributor, etc Pentagon Press
Date of publication, distribution, etc 2016
300 ## - PHYSICAL DESCRIPTION
Extent xxii,165p.
650 ## - SUBJECT ADDED ENTRY--TOPICAL TERM
Topical term or geographic name as entry element Port Traffic : Composition and volume
650 ## - SUBJECT ADDED ENTRY--TOPICAL TERM
Topical term or geographic name as entry element Port performance and Productivity
650 ## - SUBJECT ADDED ENTRY--TOPICAL TERM
Topical term or geographic name as entry element Governance in the Port System
942 ## - ADDED ENTRY ELEMENTS (KOHA)
Item type Books
Holdings
Withdrawn status Lost status Source of classification or shelving scheme Damaged status Not for loan Collection code Permanent location Current location Shelving location Date acquired Total Checkouts Full call number Barcode Date last seen Date last borrowed Koha item type Public note
          Non-fiction IMU-MPC Library IMU-MPC Library General Stacks 2022-02-24 1 387.509 GUP MPC6539 2026-02-18 2026-02-04 Books New Arrival shelf
Copyright © 2021 Indian Maritime University, Mumbai Port Campus. All Rights Reserved. Managed & Maintained by Central Library, IMU-Mumbai

webs counters

Powered by Koha